Logo Biblioteca

El último azul de la noche / (Registro nro. 895)

Detalles MARC
000 -LEADER
fixed length control field 01557nam a22002297a 4500
003 - CONTROL NUMBER IDENTIFIER
control field AR-RoUNCS
005 - DATE AND TIME OF LATEST TRANSACTION
control field 20260209155101.0
008 - FIXED-LENGTH DATA ELEMENTS--GENERAL INFORMATION
fixed length control field 260209t2013 ag |||||r|||| 00| 1 spa d
020 ## - INTERNATIONAL STANDARD BOOK NUMBER
International Standard Book Number 987-987-1950-04-1
040 ## - CATALOGING SOURCE
Transcribing agency AR-RoUNCS
Original cataloging agency AR-RoUNCS
080 ## - UNIVERSAL DECIMAL CLASSIFICATION NUMBER
Authority record control number or standard number 82-34(821.6)
100 1# - MAIN ENTRY--PERSONAL NAME
Personal name Britos, Marcelo,
Dates associated with a name 1970-
Relator term autor
245 13 - TITLE STATEMENT
Title El último azul de la noche /
Statement of responsibility, etc. Marcelo Britos.
250 ## - EDITION STATEMENT
Edition statement 1a ed.
260 ## - PUBLICATION, DISTRIBUTION, ETC.
Place of publication, distribution, etc. Rosario :
Name of publisher, distributor, etc. El Ombú Bonsai,
Date of publication, distribution, etc. 2013.
300 ## - PHYSICAL DESCRIPTION
Extent 132 p. ;
Dimensions 20 cm.
490 0# - SERIES STATEMENT
Series statement Colección Raíces Aéreas
520 ## - SUMMARY, ETC.
Summary, etc. "'El último azul de la noche' de Marcelo Britos reúne cinco cuentos: 'El caballo del hombre solitario (Tuyutí, 1864)'; 'Una mujer que dormía con el vientro (Patagonia argentina, 1921)';'Niebla (Islas Malvinas, 1982)', 'La orquesta roja (Rosario, 1988)'; y finalmente, el que le da título a esta compilación: 'El último azul de la noche (Villa Constitución, 2010)'. En un principio, debido a la definición cronotópica de cada uno de los paréntesis que componen los títulos de los cuentos, parece remitir a diferentes momentos de la historia argentina. Sin embargo, los relatos van y vienen en el tiempo y aquellos momentos de la historia se cruzan en una colección de relatos que reflexionan en torno de la idea de Nación. Ésta se esconde detrás de los discursos de la guerra, la traición, la desigualdad, el silencio, entre personajes signados por la nostalgia ligada al pasado y a la muerte."
650 #7 - SUBJECT ADDED ENTRY--TOPICAL TERM
Topical term or geographic name entry element Literatura argentina
Source of heading or term embne
655 #7 - INDEX TERM--GENRE/FORM
Genre/form data or focus term Cuentos históricos
Source of term embne
942 ## - ADDED ENTRY ELEMENTS (KOHA)
Source of classification or shelving scheme Universal Decimal Classification
Koha item type Obra General
Suppress in OPAC No
Existencias
Withdrawn status Lost status Source of classification or shelving scheme Damaged status Not for loan Collection Home library Current library Date acquired Source of acquisition Total checkouts Full call number Barcode Date last seen Price effective from Koha item type
    Universal Decimal Classification     Colección General Biblioteca Escuela de Ciencias Sociales Biblioteca Escuela de Ciencias Sociales 09/02/2026 Donación 2023   82-34(821.6) B862 000360 09/02/2026 09/02/2026 Libro de préstamo a domicilio
Biblioteca de la Escuela Preuniversitaria en Ciencias Sociales y Humanísticas.
Riobamba 250 bis.
CP 2000 - Rosario - Santa Fe
E-Mail: biblioteca@esociales.unr.edu.ar